[Event "Kemerovo-ch1"]
[Site "Kemerovo"]
[Date "2009.01.28"]
[Round "2"]
[White "Everzov, Nikolay I"]
[Black "Glazyrin, Sergey V"]
[Result "0-1"]
[WhiteElo "1782"]
[BlackElo "1942"]
[PlyCount "49"]
[EventDate "2009.01.27"]
[EventType "tourn"]
[EventRounds "9"]
[EventCountry "RUS"]
[SourceTitle "EXT 2012"]
[Source "ChessBase"]
[SourceDate "2011.11.24"]
[SourceVersion "1"]
[SourceVersionDate "2011.11.24"]
[SourceQuality "1"]

1. e4 c5 2. Nf3 Nc6 3. c3 d5 4. e5 Bf5 5. d4 cxd4 6. cxd4 Bxb1 7. Rxb1 Qa5+ 8. Bd2 Qxa2 9. Bd3 e6 10. 0-0 Bb4 11. Bxb4 Nxb4 12. Ra1 Qxb2 13. Qa4+ Kf8 14. Bb5 Qc3 15. Rfc1 Qb2 16. Rab1 Qxb1 17. Rxb1 Nc6 18. Ng5 Nge7 19. Qd1 a5 20. Qf3 Nd8 21. Bd7 Nf5 22. g4 Nxd4 23. Qf4 Ne2+ 24. Kf1 Nxf4 25. Rb2 0-1